जनमान्य लोकमान्य (लोकमान्य टिळक महानगर पालिका सर्वसाधारण रुग्णालय) (Record no. 194150)

MARC details
000 -LEADER
fixed length control field 00894nam a2200157Ia 4500
008 - FIXED-LENGTH DATA ELEMENTS--GENERAL INFORMATION
fixed length control field 090124s9999 xx 000 0 und d
082 ## - DEWEY DECIMAL CLASSIFICATION NUMBER
Item number 134798
245 ## - TITLE STATEMENT
Title जनमान्य लोकमान्य (लोकमान्य टिळक महानगर पालिका सर्वसाधारण रुग्णालय)
250 ## - EDITION STATEMENT
Edition statement 1
260 ## - PUBLICATION, DISTRIBUTION, ETC. (IMPRINT)
Name of publisher, distributor, etc हाड्ये ऋतुजा
Date of publication, distribution, etc 2007
300 ## - PHYSICAL DESCRIPTION
Extent 101
630 ## - SUBJECT ADDED ENTRY--UNIFORM TITLE
Uniform title जनमान्य लोकमान्य (लोकमान्य टिळक महानगर पालिका सर्वसाधारण रुग्णालय)
700 ## - ADDED ENTRY--PERSONAL NAME
Personal name हाड्ये ऋतुजा
730 ## - ADDED ENTRY--UNIFORM TITLE
Uniform title जनमान्य लोकमान्य (लोकमान्य टिळक महानगर पालिका सर्वसाधारण रुग्णालय)
942 ## - ADDED ENTRY ELEMENTS (KOHA)
Koha item type Book
Holdings
Withdrawn status Lost status Damaged status Not for loan Home library Current library Date acquired Cost, normal purchase price Total Checkouts Full call number Barcode Date last seen Cost, replacement price Price effective from Koha item type
        Marathi Granth Sangrahalaya,Thane Marathi Granth Sangrahalaya,Thane   100.00   134798 THNMGS-134798 01/24/2009 100.00 01/24/2009 Book